| 000 | 00469nam a2200181Ia 4500 | ||
|---|---|---|---|
| 003 | OSt | ||
| 005 | 20220615122324.0 | ||
| 008 | 211109s9999||||xx |||||||||||||| ||und|| | ||
| 040 | _cSBCL | ||
| 082 |
_a954.09548 _bNAI-P |
||
| 100 | _aK SIVASANKARAN NAIR | ||
| 245 | 0 | _aPRACHINA KERALATHINTE RASHTREEYA CHARITHRAM | |
| 260 |
_bD c Books _aKottayam _c1998 |
||
| 300 | _a254 | ||
| 630 | _xGeneral stack | ||
| 650 |
_vmalayalam literature _xKERALA HISTORY |
||
| 942 | _cBOOK | ||
| 999 |
_c54111 _d54111 |
||